• 首页
  • 本馆介绍
  • 公告通知
  • 最新文献
  • 馆藏检索
  • 电子资源
  • 读者荐购
  • 参考咨询
  • CALIS
  • 我的图书馆
  • 登录
  • 详细信息显示
  • 放入我的书架
  • 预约/预借图书
  • 作者相关作品
  • 分类相关作品
  • 丛书相关作品
  • 出版社相关作品

书目信息

  • 表格格式
  • 工作单格式
  • 卡片格式
题名:
注册消防工程师考试案例分析考点精讲
    
 
作者: 李钰 , 钟委 , 孟川 主编
分册:  
出版信息: 北京   中国建筑工业出版社  2019.08
页数: 260页
开本: 26cm
丛书名: 注册消防工程师考点精讲丛书
单 册:
中图分类: TU998.1
科图分类:
主题词: 消防--xiao fang--安全技术--资格考试--自学参考资料
电子资源:
ISBN: 978-7-112-23826-2
 
 
 
 
 
000 01294nam 2200313 450
001 202019137849
005 20191026133321.0
010    @a978-7-112-23826-2@dCNY69.00
100    @a20191023d2019 em y0chiy50 ea
101 0  @achi
102    @aCN@b110000
105    @aak a 000yy
106    @ar
200 1  @a注册消防工程师考试案例分析考点精讲@Azhu ce xiao fang gong cheng shi kao shi an li fen xi kao dian jing jiang@f主编李钰, 钟委, 孟川
205    @a第2版
210    @a北京@c中国建筑工业出版社@d2019.08
215    @a260页@c图@d26cm
225 2  @a注册消防工程师考点精讲丛书@Azhu ce xiao fang gong cheng shi kao dian jing jiang cong shu
314    @a李钰, 硕士, 大连交通大学副教授, 硕士生导师, 科研方向为火灾科学与消防工程。
320    @a有书目 (第260页)
330    @a本书由18个建筑防火案例, 18个消防设施案例, 3个性能化评估案例, 4个管理案例组成。每个案例由情景描述、问题、答案、解析与拓展等内容组成。完全突出了案例分析科目的学习应以真题为中心和以规范为中心。
410  0 @12001 @a注册消防工程师考点精讲丛书
606 0  @a消防@Axiao fang@x安全技术@x资格考试@j自学参考资料
690    @aTU998.1@v5
701  0 @a李钰@Ali yu@4主编
701  0 @a钟委@Azhong wei@4主编
701  0 @a孟川@Ameng chuan@4主编
801  0 @aCN@c20190905
905    @a河南城建学院图书馆@dTU998.1@eL328=2
    
    注册消防工程师考试案例分析考点精讲/主编李钰, 钟委, 孟川.-第2版.-北京:中国建筑工业出版社,2019.08
    260页:图;26cm.-(注册消防工程师考点精讲丛书)
    
    
    ISBN 978-7-112-23826-2:CNY69.00
    本书由18个建筑防火案例, 18个消防设施案例, 3个性能化评估案例, 4个管理案例组成。每个案例由情景描述、问题、答案、解析与拓展等内容组成。完全突出了案例分析科目的学习应以真题为中心和以规范为中心。
●
相关链接 在E读中查询图书 在当当中查询图书 在豆瓣中查询图书


正题名:注册消防工程师考试案例分析考点精讲     索取号:TU998.1/L328=2         预约/预借

序号 登录号 条形码 馆藏地/架位号 状态 备注
1 1446818   214468182   建筑库201/201建筑库 139排2列1层/ [索取号:TU998.1/L328=2] 在馆    
2 1446819   214468191   建筑库201/201建筑库 139排2列1层/ [索取号:TU998.1/L328=2] 在馆    
河南城建学院图书馆 欢迎您!
大连网信软件有限公司© 版权所有